00611cam a22002171 4500001001300000003000400013005001700017008004100034010001700075035002000092040001800112042001200130050002200142100003000164245003700194250001400231260008500245300002500330650002100355999001700376sa 67006847 DLC20260227112411.0940427s1966 ii 000 0 eng  asa 67006847  a(OCoLC)30334412 aDLCcNcDdDLC apremarc00aBJ1581b.A54 19661 aAllen, James,d1864-1912.14aThe eight pillars of prosperity. a[1st ed.] aTirunelveli,bSouth India Saiva Siddhanta Works Pub. Society, Tinnevelly,c1966. aviii, 131 p.c19 cm. 0aConduct of life. c76197d76197